| 000 | 00000nam 2200000za 4500 |
| 001 | 9.833511 |
| 003 | CaOODSP |
| 005 | 20221107150231 |
| 007 | cr ||||||||||| |
| 008 | 170308s1941 onc #of f001 0 eng d |
| 040 | |aCaOODSP|beng |
| 043 | |an-cn--- |
| 086 | 1 |aCS98-1941IE-PDF|zCS98-1941I |
| 245 | 00|aEighth census of Canada 1941, instructions to commissioners and enumerators |h[electronic resource]. |
| 246 | 30|aInstructions to commissioners and enumerators |
| 246 | 16|iCaption title: |aRules, regulations and instructions, census of 1941 |
| 260 | |aOttawa : |bDominion Bureau of Statistics,|c1941 |f(Edmond Cloutier, Printer to the King's Most Excellent Majesty) |
| 300 | |ax, 120 p. |
| 500 | |a"Approved by Order in Council". |
| 500 | |aHistorical census publication digitized from print in 2009 [by Statistics Canada]. |
| 500 | |aIssued also in French under title: Huitième recensement du Canada, 1941, instructions aux commissaires et énumérateurs. |
| 520 | 0 |aContains instructions to commissioners and enumerators employed in the taking of the census, plus an Appendix, "Extracts from the Statistics Act, 8-9 George V, Chapter 43, Statistics Act, 1918". |
| 692 | 07|2gccst|aCensus |
| 692 | 07|2gccst|aHandbooks |
| 710 | 1 |aCanada. |bDominion Bureau of Statistics. |
| 775 | 08|tHuitième recensement du Canada 1941, instructions aux commissaires et énumérateurs |w(CaOODSP)9.833516 |
| 795 | |tSeventh census of Canada 1931, instructions to commissioners and enumerators |w(CaOODSP)9.832323 |
| 856 | 40|qPDF|s5.19 MB|uhttps://publications.gc.ca/collections/collection_2017/statcan/CS98-1941I-eng.pdf |